| 000 | 03094cas a2200625 a 4500 | ||
|---|---|---|---|
| 005 | 20260322212029.0 | ||
| 007 | data | ||
| 008 | data | ||
| 010 |
_a 82642489 _zsn 79008349 _zsn 79008349 |
||
| 019 |
_a17238693 _a2265760 _a2972533 _a3827347 _a4644354 _a12073405 _a17238693 |
||
| 020 | _a9781563638381 | ||
| 020 | _a9781563636608 | ||
| 020 | _a9781563638381 | ||
| 020 | _a156363838X | ||
| 022 | 0 |
_a0093-4461 _21 |
|
| 040 |
_aDLC _cDDF _dDLC _dCOO _dNSD _dDLC _dOCL _dDLC _dNST _dDLC _dNST _dOCL _dNST _dRCS _dOCL _dNST _dIUL _dOCL _dHUL _dNST _dOCL _dDLC _dNST _dNSD _dIUL _dNST _dNSD _dWAU _dNST _dDLC _dNSD _dHUL _dNST _dIUL _dDLC _dNSD _dWAU _dNSD _dNLM _dSYS _dGUA _dDLC |
||
| 041 | 0 | 9 | _aeng |
| 042 |
_alc _alc |
||
| 044 | _9United States | ||
| 050 | 0 | 0 |
_aRS75 _b.P5 |
| 060 | 0 | 0 |
_aQV 772 _bP578 |
| 096 | _aQV 772 P578 2017 | ||
| 210 | 0 |
_aPhysicians' desk ref. _b(Print ed.) |
|
| 222 | 0 |
_aPhysicians' desk reference _b(Print ed.) |
|
| 245 | 1 | 0 |
_aPhysicians' desk reference : _bPDR. |
| 246 | 3 | 0 | _aPDR |
| 250 | _a71st edition | ||
| 260 |
_aMontvale, N.J. : _bThomson Healthcare, _c2017. |
||
| 300 |
_aVar. pag. _bill. ; _c26 cm. |
||
| 310 | _aAnnual | ||
| 525 | _aKept up-to-date with supplemental sheets. | ||
| 525 | _aHas annual supplements: A, issued in July, and B, issued in September. | ||
| 530 | _aIssued 1988- also on CD-ROM. | ||
| 580 | _aAlso issued online as part of: PDR electronic library. | ||
| 580 | _aVols. for 1988-1992 complemented by: Drug interactions and side effects index; 1990-1992 by: Indications index; 1993-1996 by: PDR guide to drug interactions, side effects, indications; 1997 by: PDR guide to drug interactions, side effects, indications, contraindications; 1998- by: Physicians' desk reference companion guide. | ||
| 650 | 1 | 2 |
_aBiological Products _zUnited States |
| 650 | 2 | 2 |
_aPharmaceutical Preparations _zUnited States |
| 655 | 2 | _aCatalogs | |
| 740 | 0 | 2 |
_aPhysicians' desk reference. _pSupplement A. |
| 775 | 1 |
_tPhysicians' desk reference (Compact disk ed.) _x1046-2694 _w(DLC)sn 89006897 |
|
| 776 | 1 |
_tPDR library on CD-ROM with the Merck manual _x1068-6924 _w(OCoLC)27774951 _w(OCoLC)27774951 |
|
| 776 | 1 |
_tPDR library on CD-ROM _x1068-6916 _w(DLC)sn 93005966 |
|
| 780 | 0 | 0 |
_tPhysicians' desk reference to pharmaceutical specialties and biologicals _x0093-447X _w(OCoLC)1644681 _w(OCoLC)1644681 |
| 787 | 1 |
_tDrug interactions and side effects index _x1044-7083 _w(OCoLC)17887549 _w(OCoLC)17887549 |
|
| 787 | 1 |
_tIndications index _x1060-4057 _w(DLC) 91642367 _w(DLC) 91642367 |
|
| 787 | 1 |
_tPDR guide to drug interactions, side effects, indications _x1072-1126 _w(OCoLC)27345788 _w(OCoLC)27345788 |
|
| 787 | 1 |
_tPDR guide to drug interactions, side effects, indications, contraindications _x1094-5199 _w(DLC)sn 97004275 |
|
| 787 | 1 |
_tPhysicians' desk reference companion guide _x1099-5285 _w(OCoLC)38906589 _w(OCoLC)38906589 |
|
| 787 | 1 |
_tPDR electronic library _w(OCoLC)40267206 |
|
| 891 | 3 | 3 |
_9853 _81 _a+ed. _i(year) _wa |
| 891 | 4 | 0 |
_9863 _81.1 _a<52> _i<1998> |
| 936 | _a41st ed. (1987) LIC | ||
| 948 | _aRLIN copy updated with OCLC copy; sml,jds; 12/02 | ||
| 001 | data | ||
| 999 |
_c669 _d669 |
||